Snímanie a spracovanie elektrických signálov zo senzorických systémov : dátum obhajoby 28.9.2023

Guardado en:
Detalles Bibliográficos
Autor principal: Závodník, Tomáš (Autor)
Otros Autores: Donoval, Daniel (Orientador)
Formato: Manuscrito Libro
Lenguaje:eslovaco
Publicado: 2023
Materias:
Acceso en línea:https://opac.crzp.sk/?fn=detailBiblioFormChildMP10B&sid=D2CDA85DA56256F2713BEC93BC1D&seo=CRZP-detail-kniha
Etiquetas: Agregar Etiqueta
Sin Etiquetas, Sea el primero en etiquetar este registro!

MARC

LEADER 00000ntm a22000003a 4500
001 stuzp66077
003 SK-STU
005 20231106135205.3
007 ta
008 150427s2015----xo-----f-mn---000-0-slo-d
040 |a STU  |b slo 
041 0 |a slo 
044 |a xo 
100 1 |a Závodník, Tomáš  |u 033000  |k Z2  |4 aut  |U FEI Fakulta elektrotechniky a informatiky  |T FEI Ústav elektroniky a fotoniky  |X 8918  |U E030  |Y 549  |7 8918 
242 0 1 |a Signal processing from sensor units  |y eng 
245 1 0 |a Snímanie a spracovanie elektrických signálov zo senzorických systémov :  |b dátum obhajoby 28.9.2023 
260 |c 2023 
300 |a 112 s.,  |b Autoref. 2023, 68 s. 
500 |a Len v elektronickej podobe 
650 4 |a Neurónová sieť  |2 slo 
650 4 |a Biometria  |2 slo 
650 4 |a Meracie platforma  |2 slo 
650 4 |a EKG  |2 slo 
650 4 |a HRV  |2 slo 
650 4 |a HRV  |2 eng 
650 4 |a ECG  |2 eng 
650 4 |a Biometric recognition  |2 eng 
650 4 |a ECG holter  |2 eng 
650 4 |a Neural network  |2 eng 
700 1 |a Donoval, Daniel  |u 033000  |k Z8  |4 ths  |U FEI Fakulta elektrotechniky a informatiky  |T FEI Ústav elektroniky a fotoniky  |X 2039  |U E030  |Y 549  |7 A000002039 
856 4 |u https://opac.crzp.sk/?fn=detailBiblioFormChildMP10B&sid=D2CDA85DA56256F2713BEC93BC1D&seo=CRZP-detail-kniha